[Event "RUS-ch Higher League 70th"]
[Site "Sochi"]
[Date "2017.07.09"]
[Round "7"]
[White "Sin, Denis"]
[Black "Yandemirov, Valeri"]
[Result "1-0"]
[WhiteElo "2258"]
[BlackElo "2385"]
[PlyCount "99"]
[EventDate "2017.07.02"]
[EventType "swiss"]
[EventRounds "9"]
[EventCountry "RUS"]
[SourceTitle "CBM 180"]
[Source "ChessBase"]
[SourceDate "2017.09.13"]
[SourceVersion "1"]
[SourceVersionDate "2017.09.13"]
[SourceQuality "1"]

1. d4 Nf6 2. c4 g6 3. f3 d5 4. cxd5 Nxd5 5. e4 Nb6 6. Nc3 Bg7 7. Be3 0-0 8. Qd2 Nc6 9. 0-0-0 f5 10. e5 Nb4 11. Nh3 a5 12. a3 N4d5 13. Nf4 Nxf4 14. Bxf4 Nd5 15. Bc4 Be6 16. Bg5 Qd7 17. Nxd5 Bxd5 18. Bxd5+ Qxd5 19. Kb1 e6 20. h4 h5 21. Rc1 Qd7 22. Rhg1 Rf7 23. g4 fxg4 24. fxg4 hxg4 25. Rxg4 Raf8 26. Be3 Rf1 27. Qd3 Rxc1+ 28. Bxc1 Rf5 29. Rxg6 Kf7 30. Qg3 Bf8 31. Rg4 c5 32. Rf4 cxd4 33. h5 Ke8 34. Rxf5 exf5 35. h6 d3 36. Qg6+ Qf7 37. Qb6 Qc4 38. Qg6+ Qf7 39. Qb6 Qc4 40. Bg5 Qd5 41. Qg6+ Qf7 42. Qxf7+ Kxf7 43. h7 Bg7 44. Bf6 f4 45. Bxg7 Kxg7 46. e6 f3 47. e7 f2 48. h8Q+ Kxh8 49. e8Q+ Kg7 50. Qe5+ 1-0

[Event "RUS-ch Higher League 70th"]
[Site "Sochi"]
[Date "2017.07.04"]
[Round "3"]
[White "Drygalov, Andrey"]
[Black "Sin, Denis"]
[Result "1-0"]
[WhiteElo "2416"]
[BlackElo "2258"]
[PlyCount "53"]
[EventDate "2017.07.02"]
[EventType "swiss"]
[EventRounds "9"]
[EventCountry "RUS"]
[SourceTitle "CBM 180"]
[Source "ChessBase"]
[SourceDate "2017.09.13"]
[SourceVersion "1"]
[SourceVersionDate "2017.09.13"]
[SourceQuality "1"]

1. Nf3 Nf6 2. c4 g6 3. b3 Bg7 4. Bb2 0-0 5. g3 d6 6. d4 e5 7. dxe5 Ng4 8. Nc3 Nxe5 9. Bg2 Nxf3+ 10. Bxf3 Nc6 11. 0-0 Rb8 12. Bg2 Bd7 13. Qd2 Ne5 14. Rac1 Bc6 15. Nd5 Nd7 16. Bxg7 Kxg7 17. Qd4+ Kg8 18. b4 a6 19. e4 b6 20. f4 Ba8 21. a3 Rc8 22. Bh3 Bxd5 23. cxd5 Ra8 24. e5 Ra7 25. e6 Nf6 26. exf7+ Kg7 27. Be6 1-0

[Event "RUS-ch Higher League 70th"]
[Site "Sochi"]
[Date "2017.07.03"]
[Round "2"]
[White "Savitskiy, Sergey"]
[Black "Sin, Denis"]
[Result "1-0"]
[WhiteElo "2428"]
[BlackElo "2258"]
[PlyCount "99"]
[EventDate "2017.07.02"]
[EventType "swiss"]
[EventRounds "9"]
[EventCountry "RUS"]
[SourceTitle "CBM 180"]
[Source "ChessBase"]
[SourceDate "2017.09.13"]
[SourceVersion "1"]
[SourceVersionDate "2017.09.13"]
[SourceQuality "1"]

1. Nf3 c5 2. g3 Nc6 3. Bg2 e5 4. 0-0 g6 5. c4 Bg7 6. Nc3 Nge7 7. Ne1 0-0 8. Nc2 d6 9. Ne3 Be6 10. a3 Qd7 11. Rb1 Bh3 12. b4 Bxg2 13. Kxg2 cxb4 14. axb4 Nd4 15. b5 f5 16. Ned5 Nxd5 17. Nxd5 f4 18. f3 Rae8 19. d3 g5 20. e3 Ne6 21. e4 h5 22. g4 hxg4 23. fxg4 Nd4 24. h3 Bf6 25. Be3 Ne6 26. Bxa7 Bd8 27. Bg1 Rf7 28. Ra1 Nf8 29. Qf3 Rh7 30. Ra8 Re6 31. Ne3 Ng6 32. Nf5 Nh4+ 33. Nxh4 Rxh4 34. Bb6 Re8 35. Bf2 Rh6 36. Rfa1 Rhe6 37. R1a7 Bf6 38. Qd1 Qh7 39. Qa4 Bd8 40. Qd1 Rf8 41. Rb8 f3+ 42. Kh2 Rh6 43. Qf1 Qd7 44. Rbxb7 Qe6 45. b6 Qf6 46. Bg3 f2 47. Ra2 Qh8 48. Rxf2 Rxf2+ 49. Qxf2 Rf6 50. Qa2 1-0

[Event "Vladivostok Primorsky Debut"]
[Site "Vladivostok"]
[Date "2016.07.22"]
[Round "2"]
[White "Sin, Denis"]
[Black "Smirnov, Pavel"]
[Result "0-1"]
[WhiteElo "2214"]
[BlackElo "2569"]
[PlyCount "96"]
[EventDate "2016.07.21"]
[EventType "swiss"]
[EventRounds "9"]
[EventCountry "RUS"]
[SourceTitle "CBM 173 Extra"]
[Source "ChessBase"]
[SourceDate "2016.08.29"]
[SourceVersion "1"]
[SourceVersionDate "2016.08.29"]
[SourceQuality "1"]

1. d4 d5 2. c4 e6 3. Nf3 Nf6 4. e3 b6 5. Nc3 Bb7 6. cxd5 exd5 7. g3 Bd6 8. Bg2 Ba6 9. b4 0-0 10. Rb1 c6 11. Ne5 Qe7 12. b5 Bb7 13. f4 cxb5 14. Nxb5 Bb4+ 15. Bd2 Bxd2+ 16. Qxd2 a6 17. Nc3 b5 18. 0-0 Qd6 19. Qb2 Ne4 20. Bxe4 dxe4 21. a4 Nd7 22. Nxd7 Qxd7 23. Rfc1 Qg4 24. Qe2 Qh3 25. axb5 axb5 26. Qg2 Qe6 27. Rxb5 Ba6 28. Re5 Qb3 29. Qxe4 Qa3 30. Qc2 Rfc8 31. Qd2 Rab8 32. Ne2 Rxc1+ 33. Nxc1 Qa4 34. Rc5 h6 35. Qc2 Qb4 36. Rc3 Qb5 37. Nd3 Qa5 38. Rb3 Rxb3 39. Qxb3 Qd2 40. Qb8+ Kh7 41. Nf2 Qe1+ 42. Kg2 Bf1+ 43. Kf3 Qe2+ 44. Ke4 Bg2+ 45. Ke5 Qxe3+ 46. Kd6 Qxf2 47. Qb1+ g6 48. Ke7 Qxd4 0-1

[Event "RUS-chT2"]
[Site "Sochi"]
[Date "2016.05.05"]
[Round "5.7"]
[White "Sin, Denis"]
[Black "Nechaev, Oleg"]
[Result "0-1"]
[WhiteElo "2312"]
[BlackElo "2343"]
[PlyCount "60"]
[EventDate "2016.05.01"]
[EventType "team-swiss"]
[EventRounds "9"]
[EventCountry "RUS"]
[SourceTitle "EXT 2018"]
[Source "ChessBase"]
[SourceDate "2017.10.13"]
[SourceVersion "1"]
[SourceVersionDate "2017.10.13"]
[SourceQuality "1"]
[WhiteTeam "Yuzhno Sakhalinsk"]
[BlackTeam "Stavropol Region"]
[WhiteTeamCountry "RUS"]
[BlackTeamCountry "RUS"]

1. d4 Nf6 2. c4 c5 3. d5 b5 4. cxb5 a6 5. b6 g6 6. Nf3 Bg7 7. Nc3 0-0 8. e4 d6 9. a4 a5 10. Bb5 Nbd7 11. 0-0 Nxb6 12. Re1 Ba6 13. Qe2 Bxb5 14. axb5 Qd7 15. h3 Ne8 16. e5 Nc7 17. Rd1 a4 18. Bf4 Ra5 19. Qe4 Nxb5 20. Ne2 Nc7 21. Bd2 Rb5 22. Nc3 Rxb2 23. Nxa4 Nxa4 24. Rxa4 Nxd5 25. Ra3 e6 26. exd6 Qxd6 27. Qc4 Rfb8 28. Qc1 c4 29. Ra4 c3 30. Bxc3 Nxc3 0-1

[Event "RUS-chT2"]
[Site "Sochi"]
[Date "2016.05.03"]
[Round "3.6"]
[White "Sin, Denis"]
[Black "Iljiushenok, Ilia"]
[Result "0-1"]
[WhiteElo "2312"]
[BlackElo "2499"]
[PlyCount "64"]
[EventDate "2016.05.01"]
[EventType "team-swiss"]
[EventRounds "9"]
[EventCountry "RUS"]
[SourceTitle "EXT 2018"]
[Source "ChessBase"]
[SourceDate "2017.10.13"]
[SourceVersion "1"]
[SourceVersionDate "2017.10.13"]
[SourceQuality "1"]
[WhiteTeam "Yuzhno Sakhalinsk"]
[BlackTeam "Moscow SergArk"]
[WhiteTeamCountry "RUS"]
[BlackTeamCountry "RUS"]

1. d4 d5 2. c4 c6 3. Nf3 Nf6 4. e3 Bf5 5. Nc3 e6 6. Nh4 Bg6 7. Nxg6 hxg6 8. a3 Nbd7 9. g3 dxc4 10. Bxc4 Bd6 11. f4 c5 12. 0-0 cxd4 13. Qxd4 Bc5 14. Qd3 0-0 15. b4 Be7 16. Bb2 a5 17. b5 Nb6 18. Qe2 Bc5 19. Ba2 a4 20. Bb1 Nbd5 21. Nxd5 Nxd5 22. Rf3 Qb6 23. Kf2 Rfd8 24. Bd3 Nxe3 25. Rxe3 Rxd3 26. Qxd3 Rd8 27. Kf3 Rxd3 28. Rxd3 Qxb5 29. Rd2 Qc6+ 30. Ke2 Qe4+ 31. Kd1 Be3 32. Re2 Qd5+ 0-1

[Event "Vladivostok Primorsky Debut"]
[Site "Vladivostok"]
[Date "2014.07.24"]
[Round "4"]
[White "Yanchenko, Roman"]
[Black "Sin, Denis"]
[Result "1-0"]
[WhiteElo "2311"]
[BlackElo "1984"]
[PlyCount "113"]
[EventDate "2014.07.21"]
[EventType "swiss"]
[EventRounds "9"]
[EventCountry "RUS"]
[SourceTitle "CBM 161 Extra"]
[Source "ChessBase"]
[SourceDate "2014.08.29"]
[SourceVersion "1"]
[SourceVersionDate "2014.08.29"]
[SourceQuality "1"]

1. e4 e6 2. d4 d5 3. Nd2 Nf6 4. Bd3 c5 5. e5 Nfd7 6. c3 Nc6 7. Ne2 cxd4 8. cxd4 f6 9. exf6 Qxf6 10. 0-0 Bd6 11. Nf3 h6 12. Bb1 0-0 13. Qd3 Rd8 14. Qh7+ Kf7 15. Ng3 Nf8 16. Qd3 Kg8 17. Re1 Bd7 18. Qe3 Be8 19. Ne5 Rac8 20. Bd2 Qh4 21. Nf3 Qf6 22. a3 Bg6 23. Ba2 b5 24. Ne5 Be8 25. Bb1 Qh4 26. Nf3 Qf6 27. Bd3 a6 28. Kh1 Bg6 29. Bf1 Be8 30. Ne5 Bxe5 31. dxe5 Qe7 32. f4 Bg6 33. a4 Nb4 34. Qa3 Nc6 35. Qxe7 Nxe7 36. axb5 axb5 37. Ba5 Rd7 38. Bxb5 Ra7 39. Bb4 Rxa1 40. Rxa1 Nf5 41. Nxf5 Bxf5 42. Bc3 Ng6 43. g3 Rd8 44. Kg1 Be4 45. Kf2 Ne7 46. Ra7 Nf5 47. Bd7 d4 48. Bxe6+ Kh8 49. Bd2 Rb8 50. b4 Rb6 51. Bd7 Ne7 52. b5 Nd5 53. Bc6 Rb8 54. Ra8 Rxa8 55. Bxa8 Nc3 56. Bxe4 Nxe4+ 57. Ke2 1-0